| 000 | 00342nam a2200121 a 4500 | ||
|---|---|---|---|
| 001 | 4140 | ||
| 005 | 20140414131913.0 | ||
| 008 | 090218s19uu xx 00 eng d | ||
| 050 |
_aER _bF21 2000 |
||
| 245 |
_aFamily storybook library, bk. 7 : _byour place in the circle of life. |
||
| 260 |
_aNew York : _bDisney Press, _c2000. |
||
| 999 |
_c111316 _d111316 |
||